Állattenyésztés általános rész : tananyag a magyar tanítási nyelvű mezűgazd. iskolák számára

Bibliographic Details
Main Authors: Slavík, Josef (Author), Beneš, Josef (Author), Jukl, Alexander (Author), Mátl, Jan (Author), Zatloukal, Karel (Author), Brodil, Jindřich, narodený 1894 (Author)
Other Authors: Krammer, Jenő, 1900-1973 (Translator), Wechter, János (Translator)
Format: Book
Language:Hungarian
Czech
PhysicalDescription:329 strán fotografie, ilustrácie, tabuľky 24 cm
Published: V Bratislave Slovenské vydavateľstvo pôdohospodárskej literatúry 1961
Edition:Első kiadás
Series:Poľnohospodárske učebnice
Subjects:

MARC

LEADER 00000cam a2200000 a 4500
001 vtls008340143
003 SK-MaSNL
005 20260301183042.0
008 251001s1961 xo oal frp 000 0 hun
015 |a SNBA1961/11-02264 
020 |q (viazané) 
035 |a SK01SNK19610032360 
035 |a urn:nbn:sk:snk-am3ismr 
035 |a B958C20A-98BF-4194-BE30-FB8865BA26E3 
035 |a urn:nbn:sk:snk-am00fgap 
035 |a SKM000034823 
040 |a SNK  |b slo  |c SNK  |e AACR2 
041 1 |a hun  |h cze 
044 |a xo  |c SK 
080 |a 636.1/.5  |2 2011 
080 |a 636.08  |2 2011 
080 |a (075)  |2 2011 
100 1 |a Slavík, Josef  |4 aut  |9 307482 
240 1 0 |a Chov zvířat - všeobecná část  |l Maďarsky 
245 1 0 |a Állattenyésztés  |b általános rész : tananyag a magyar tanítási nyelvű mezűgazd. iskolák számára  |c J. Slavík, J. Beneš, A. Jukl, J. Mátl, K. Zatloukal, J. Brodil ; fordították: Krammer J. és Wechter J. 
250 |a Első kiadás 
260 |a V Bratislave  |b Slovenské vydavateľstvo pôdohospodárskej literatúry  |c 1961  |e Nitra  |f Západoslovenské tlačiarne 
300 |a 329 strán  |b fotografie, ilustrácie, tabuľky  |c 24 cm 
366 |e 1000 kusov 
490 1 |a Poľnohospodárske učebnice  |v zv. 439 
500 |a Preložené z češtiny 
500 |a Súbežná tiráž v slovenčine 
504 |a Obsahuje poznámky 
650 0 7 |a hospodárske zvieratá  |2 SNKPH  |9 1097 
650 0 7 |a chov hospodárskych zvierat  |2 SNKPH  |9 2802 
655 7 |a učebnice  |2 SNKPH  |9 22521 
700 1 |a Beneš, Josef  |4 aut  |9 279507 
700 1 |a Krammer, Jenő,  |d 1900-1973  |4 trl  |9 185616 
700 1 |a Wechter, János  |4 trl  |9 470221 
700 1 |a Jukl, Alexander  |4 aut  |9 307483 
700 1 |a Mátl, Jan  |4 aut  |9 307484 
700 1 |a Zatloukal, Karel  |4 aut  |9 307485 
700 1 |a Brodil, Jindřich,  |d narodený 1894  |4 aut  |9 193300 
752 |a Slovensko  |d Bratislava 
830 0 |a Poľnohospodárske učebnice  |9 286242 
852 |a Slovenská národná knižnica 
958 |a EUIPO 
958 |a TL 
958 |a RK 
958 |a NB 
958 |a OP 
958 |a UC 
958 |a HU 
958 |a CZ 
958 |a OND 
968 |a Mag  |b ČES 
999 |c 855704  |d 857634 
952 |a SNK  |b SNK  |y PREZ  |7 0  |p 17A0842593  |o snkSC 15931  |i snkKSP 6717/61  |0 0  |1 0  |4 0  |d 2020-07-22  |f 1  |l 0  |r 2025-07-18 00:00:00  |w 2026-02-24 
952 |a SNK  |b SNK  |y VYP  |7 0  |p 17A1345118  |o snkSC 15931 D1  |i snkKSP 6218/61  |z xerokópie str. 193-226  |0 0  |1 0  |4 0  |d 2020-09-25  |l 0  |r 2026-02-24 04:55:38  |w 2026-02-24